[Event "CZE-chT2D 1920"]
[Site "Czech Republic"]
[Date "2019.12.15"]
[Round "5.5"]
[White "Reznicek, Dominik"]
[Black "Dolecek, Matej"]
[Result "1-0"]
[WhiteElo "2096"]
[BlackElo "1684"]
[PlyCount "57"]
[EventDate "2019.10.13"]
[EventType "team-tourn"]
[EventRounds "11"]
[EventCountry "CZE"]
[SourceTitle "EXT 2024"]
[Source "ChessBase"]
[SourceDate "2023.10.10"]
[SourceVersion "1"]
[SourceVersionDate "2023.10.10"]
[SourceQuality "1"]
[WhiteTeam "Polabiny III"]
[BlackTeam "Lanskroun"]
[WhiteTeamCountry "CZE"]
[BlackTeamCountry "CZE"]

1. e4 e6 2. d4 d5 3. e5 c5 4. c3 Nc6 5. Nf3 Qb6 6. a3 c4 7. Nbd2 Na5 8. Be2 Bd7 9. 0-0 f6 10. exf6 Nxf6 11. Ne5 Bd6 12. Nxd7 Nxd7 13. Bg4 0-0-0 14. Re1 Rde8 15. Nf3 Nf6 16. Bh3 Kb8 17. Ng5 e5 18. dxe5 Rxe5 19. Rxe5 Bxe5 20. Nf7 Re8 21. Nxe5 Nb3 22. Bf4 Ka8 23. Rb1 Ne4 24. Be3 Qf6 25. Nf3 Rd8 26. Nd4 Nbc5 27. Qf3 Qb6 28. Ne6 Qb5 29. Nc7+ 1-0

[Event "CZE-chT2D 1617"]
[Site "Czech Republic"]
[Date "2017.04.02"]
[Round "11.3"]
[White "Tesar, Jan"]
[Black "Reznicek, Dominik"]
[Result "1/2-1/2"]
[WhiteElo "2088"]
[BlackElo "2032"]
[PlyCount "24"]
[EventDate "2016.10.09"]
[EventType "team-tourn"]
[EventRounds "11"]
[EventCountry "CZE"]
[SourceTitle "EXT 2022"]
[Source "ChessBase"]
[SourceDate "2021.10.06"]
[SourceVersion "1"]
[SourceVersionDate "2021.10.06"]
[SourceQuality "1"]
[WhiteTeam "Dalesice Pivovar"]
[BlackTeam "Polabiny III"]
[WhiteTeamCountry "CZE"]
[BlackTeamCountry "CZE"]

1. d4 c6 2. c4 d5 3. Nf3 Nf6 4. cxd5 cxd5 5. Bf4 Nc6 6. Nc3 Bg4 7. e3 e6 8. Bb5 Bd6 9. Bxd6 Qxd6 10. 0-0 0-0 11. Rc1 Bxf3 12. Qxf3 Rac8 1/2-1/2

[Event "CZE-chT2D 1516"]
[Site "Czech Republic"]
[Date "2016.03.13"]
[Round "9.6"]
[White "Reznicek, Dominik"]
[Black "Navratil, Jiri2222"]
[Result "1-0"]
[WhiteElo "2165"]
[BlackElo "2067"]
[PlyCount "53"]
[EventDate "2015.10.18"]
[EventType "team-tourn"]
[EventRounds "11"]
[EventCountry "CZE"]
[SourceTitle "EXT 2022"]
[Source "ChessBase"]
[SourceDate "2021.10.06"]
[SourceVersion "1"]
[SourceVersionDate "2021.10.06"]
[SourceQuality "1"]
[WhiteTeam "Polabiny III"]
[BlackTeam "Zabreh"]
[WhiteTeamCountry "CZE"]
[BlackTeamCountry "CZE"]

1. e4 c5 2. c3 d5 3. exd5 Qxd5 4. d4 e5 5. Nf3 Nc6 6. Nxe5 Nxe5 7. dxe5 Qxe5+ 8. Be2 Bg4 9. Be3 Bxe2 10. Qxe2 0-0-0 11. Nd2 f5 12. 0-0-0 Nf6 13. Nf3 Qc7 14. Rxd8+ Qxd8 15. Bf4 Qe7 16. Qb5 Qe4 17. Be5 Nd7 18. Rd1 Qc6 19. Qd3 Be7 20. Qxf5 Rf8 21. Qg4 g5 22. Bg3 h5 23. Qxh5 Qf6 24. Qg4 Qf5 25. Qa4 g4 26. Qxa7 Bg5+ 27. Nxg5 1-0

[Event "CZE-chT1W 1516"]
[Site "Czech Republic"]
[Date "2015.11.15"]
[Round "3.7"]
[White "Oresky, Jan"]
[Black "Reznicek, Dominik"]
[Result "1-0"]
[WhiteElo "2166"]
[BlackElo "2022"]
[PlyCount "49"]
[EventDate "2015.10.11"]
[EventType "team-tourn"]
[EventRounds "11"]
[EventCountry "CZE"]
[SourceTitle "CBM 169 Extra"]
[Source "ChessBase"]
[SourceDate "2015.12.18"]
[SourceVersion "1"]
[SourceVersionDate "2015.12.18"]
[SourceQuality "1"]
[WhiteTeam "Novoborsky II"]
[BlackTeam "Polabiny"]
[WhiteTeamCountry "CZE"]
[BlackTeamCountry "CZE"]

1. e4 c6 2. d4 d5 3. e5 Bf5 4. Nf3 e6 5. Be2 Nd7 6. 0-0 Ne7 7. Nh4 Qb6 8. Nc3 a6 9. g4 Bg6 10. Nxg6 hxg6 11. Be3 Qxb2 12. Qd2 Qb6 13. Rab1 Qc7 14. f4 c5 15. dxc5 Nxc5 16. Bf3 Rd8 17. Qf2 Nc8 18. f5 Be7 19. fxe6 fxe6 20. Nxd5 exd5 21. Bxd5 Rxd5 22. Qf7+ Kd8 23. Qxd5+ Qd7 24. Rfd1 Kc7 25. Rxb7+ 1-0

[Event "Pardubice Czech op-B 26th"]
[Site "Pardubice"]
[Date "2015.07.26"]
[Round "3"]
[White "Wiesner, Paula"]
[Black "Reznicek, Dominik"]
[Result "1-0"]
[WhiteElo "1970"]
[BlackElo "2101"]
[PlyCount "51"]
[EventDate "2015.07.24"]
[EventType "swiss"]
[EventRounds "9"]
[EventCountry "CZE"]
[SourceTitle "EXT 2017"]
[Source "ChessBase"]
[SourceDate "2016.10.25"]
[SourceVersion "1"]
[SourceVersionDate "2016.10.25"]
[SourceQuality "1"]

1. e4 c6 2. d4 d5 3. e5 Bf5 4. Ne2 e6 5. Ng3 Bg6 6. h4 h6 7. h5 Bh7 8. Bd3 Bxd3 9. Qxd3 Nd7 10. 0-0 c5 11. c3 Qb6 12. Kh1 Ne7 13. f4 cxd4 14. cxd4 Nc6 15. Be3 Qxb2 16. Nd2 Qb6 17. f5 Ne7 18. Rab1 Qa6 19. Qb3 b6 20. fxe6 fxe6 21. Bg1 g6 22. Qf3 Rh7 23. hxg6 Rg7 24. Nh5 Rxg6 25. Qf7+ Kd8 26. Nf4 1-0

[Event "CZE-chT U20 Extraliga Ost 1415"]
[Site "Czech Republic"]
[Date "2015.01.24"]
[Round "6.4"]
[White "Zitny, Michal"]
[Black "Reznicek, Dominik"]
[Result "0-1"]
[WhiteElo "1547"]
[BlackElo "1955"]
[PlyCount "98"]
[EventDate "2014.10.11"]
[EventType "team-tourn"]
[EventRounds "11"]
[EventCountry "CZE"]
[SourceTitle "EXT 2021"]
[Source "ChessBase"]
[SourceDate "2020.10.23"]
[SourceVersion "1"]
[SourceVersionDate "2020.10.23"]
[SourceQuality "1"]
[WhiteTeam "Brno Lokomotiva (U20) II"]
[BlackTeam "Polabiny (U20)"]
[WhiteTeamCountry "CZE"]
[BlackTeamCountry "CZE"]

1. d4 c6 2. c4 d5 3. Nc3 Nf6 4. Nf3 Bf5 5. Bg5 e6 6. cxd5 exd5 7. e3 Be7 8. Bd3 Bxd3 9. Qxd3 Nbd7 10. 0-0 0-0 11. Rab1 h6 12. Bh4 Ne4 13. Nxe4 Bxh4 14. Nc3 f5 15. b4 Be7 16. b5 Bd6 17. Ne2 g5 18. Ng3 Qf6 19. bxc6 bxc6 20. Rfc1 g4 21. Nd2 Rac8 22. Rb7 Rc7 23. Rxc7 Bxc7 24. Qc2 Nb8 25. Ndf1 Qg5 26. Ne2 h5 27. g3 h4 28. Nf4 Qh6 29. Qc5 Rf7 30. Rb1 hxg3 31. fxg3 Bb6 32. Qc2 Qd6 33. Rc1 Kg7 34. Kg2 Kf6 35. Nd3 Rc7 36. Qb2 Nd7 37. Rd1 Qe6 38. Kf2 Qe4 39. Ne1 Kg5 40. Nd2 Qh1 41. Nf1 Nf6 42. Qc1 Ne4+ 43. Ke2 Qg1 44. Nd3 Qg2+ 45. Ke1 Ba5+ 46. Nd2 Qg1+ 47. Ke2 Qxh2+ 48. Ke1 Qxg3+ 49. Kf1 Rh7 0-1

[Event "CZE-chT2D 1415"]
[Site "Czech Republic"]
[Date "2014.11.30"]
[Round "3.8"]
[White "Reznicek, Dominik"]
[Black "Dosedel, Jiri"]
[Result "1-0"]
[WhiteElo "1995"]
[BlackElo "2043"]
[PlyCount "59"]
[EventDate "2014.11.02"]
[EventType "team-tourn"]
[EventRounds "11"]
[EventCountry "CZE"]
[SourceTitle "EXT 2022"]
[Source "ChessBase"]
[SourceDate "2021.10.06"]
[SourceVersion "1"]
[SourceVersionDate "2021.10.06"]
[SourceQuality "1"]
[WhiteTeam "Polabiny II"]
[BlackTeam "Vysoke Myto"]
[WhiteTeamCountry "CZE"]
[BlackTeamCountry "CZE"]

1. e4 d6 2. d4 g6 3. Nc3 c6 4. a4 Bg7 5. h3 Nf6 6. Nf3 0-0 7. a5 Nbd7 8. Be3 Qc7 9. Bc4 Rb8 10. 0-0 b5 11. axb6 axb6 12. b4 e5 13. dxe5 dxe5 14. Qe2 Nh5 15. Rfd1 Nf4 16. Qf1 Nf6 17. b5 c5 18. Bxf4 exf4 19. e5 Nh5 20. Nd5 Qb7 21. Ra6 Be6 22. Rxb6 Qa8 23. Ra1 Bxd5 24. Rxa8 Bxa8 25. Bxf7+ Kh8 26. Rxb8 Rxb8 27. e6 Bf6 28. Qe1 Bd5 29. Qd2 Rd8 30. e7 1-0

[Event "CZE-ch U20 sf"]
[Site "Frydek Mistek"]
[Date "2014.11.16"]
[Round "1"]
[White "Demko, Robert"]
[Black "Reznicek, Dominik"]
[Result "1/2-1/2"]
[WhiteElo "1610"]
[BlackElo "1995"]
[PlyCount "123"]
[EventDate "2014.11.16"]
[EventType "swiss"]
[EventRounds "9"]
[EventCountry "CZE"]
[SourceTitle "CBM 163 Extra"]
[Source "ChessBase"]
[SourceDate "2014.12.23"]
[SourceVersion "1"]
[SourceVersionDate "2014.12.23"]
[SourceQuality "1"]

1. d4 c6 2. c4 d5 3. Nc3 Nf6 4. Nf3 Bf5 5. Bf4 e6 6. e3 Qb6 7. Qd2 Bb4 8. Rc1 Ne4 9. Qd1 Bxc3+ 10. bxc3 Qb2 11. Rc2 Qa3 12. Qc1 Qa5 13. Be2 g5 14. Bxb8 Rxb8 15. 0-0 dxc4 16. Ne5 Nd6 17. Rb2 Qc7 18. Nxc4 Nxc4 19. Bxc4 g4 20. Re1 Be4 21. Qd1 f5 22. Bd3 Qg7 23. Bxe4 fxe4 24. Qb1 0-0 25. Qxe4 Rbe8 26. Reb1 Re7 27. a4 h5 28. g3 Rff7 29. c4 Qg5 30. c5 h4 31. Qe5 Qxe5 32. dxe5 hxg3 33. hxg3 Rd7 34. Rb4 Rg7 35. Kf1 a5 36. Rd4 Rd5 37. Rxd5 exd5 38. Ke2 Re7 39. Kd3 Kf7 40. Kd4 Ke6 41. Rh1 Rf7 42. Rf1 Rf3 43. Rb1 Rxf2 44. Rxb7 Rc2 45. Rg7 Rc4+ 46. Kd3 Kxe5 47. Rg6 Rxa4 48. Rxc6 Ra3+ 49. Kd2 Ra4 50. Kd3 Rc4 51. Rc8 a4 52. Ra8 Rxc5 53. Rxa4 Rc4 54. Ra1 Rb4 55. Ra2 Rb3+ 56. Ke2 Rc3 57. Rd2 Rc4 58. Kf2 Ke4 59. Ke2 Rb4 60. Ra2 Rc4 61. Rd2 Ra4 62. Rb2 1/2-1/2

[Event "CZE-chT U20 Extraliga Ost 1415"]
[Site "Czech Republic"]
[Date "2014.10.11"]
[Round "1.4"]
[White "Reznicek, Dominik"]
[Black "Horvath, Tomas"]
[Result "1-0"]
[WhiteElo "1955"]
[BlackElo "1656"]
[PlyCount "63"]
[EventDate "2014.10.11"]
[EventType "team-tourn"]
[EventRounds "11"]
[EventCountry "CZE"]
[SourceTitle "EXT 2021"]
[Source "ChessBase"]
[SourceDate "2020.10.23"]
[SourceVersion "1"]
[SourceVersionDate "2020.10.23"]
[SourceQuality "1"]
[WhiteTeam "Polabiny (U20)"]
[BlackTeam "Orlova Slavia (U20)"]
[WhiteTeamCountry "CZE"]
[BlackTeamCountry "CZE"]

1. e4 e5 2. Nf3 Nc6 3. Bb5 a6 4. Bxc6 dxc6 5. Nc3 Bg4 6. h3 Bxf3 7. Qxf3 Qf6 8. Qg3 Bd6 9. d3 Ne7 10. 0-0 Qg6 11. Qh4 0-0-0 12. f4 f6 13. a4 c5 14. Be3 Nc6 15. Nd5 exf4 16. Bxf4 Kb8 17. Qf2 c4 18. Bxd6 Rxd6 19. b4 cxb3 20. c4 Rhd8 21. Rab1 Ne5 22. Rxb3 Qf7 23. Rfb1 b6 24. c5 Re6 25. cxb6 c6 26. Nc7 Nxd3 27. Qg3 Ne5 28. Nxa6+ Kb7 29. Nc5+ Kb8 30. b7 Ree8 31. Na6+ Ka7 32. Qe3+ 1-0

[Event "CZE-chTB U20 1314"]
[Site "Czech Republic"]
[Date "2014.04.26"]
[Round "10.2"]
[White "Havelka, Josef"]
[Black "Reznicek, Dominik"]
[Result "1-0"]
[WhiteElo "1994"]
[BlackElo "1785"]
[PlyCount "49"]
[EventDate "2013.10.12"]
[EventType "team-tourn"]
[EventRounds "11"]
[EventCountry "CZE"]
[SourceTitle "EXT 2015"]
[Source "ChessBase"]
[SourceDate "2014.11.20"]
[SourceVersion "1"]
[SourceVersionDate "2014.11.20"]
[SourceQuality "1"]
[WhiteTeam "Praha Bohemians (U20)"]
[BlackTeam "Polabiny (U20) II"]
[WhiteTeamCountry "CZE"]
[BlackTeamCountry "CZE"]

1. e4 c6 2. d4 d5 3. e5 Bf5 4. h4 h5 5. c4 e6 6. Nc3 Be7 7. Nge2 Nh6 8. Ng3 Bg4 9. Qb3 b6 10. cxd5 exd5 11. Be2 Bxh4 12. Nxh5 Bxe2 13. Nxg7+ Kf8 14. Bxh6 Rxh6 15. Nf5 Rh5 16. Nxe2 Rxf5 17. g3 Rh5 18. gxh4 Rxh4 19. 0-0-0 Nd7 20. Qg3 Rxh1 21. Rxh1 Ke8 22. Qg8+ Ke7 23. Qg5+ Ke8 24. Rh8+ Nf8 25. Qh6 1-0

[Event "CZE-ch U16"]
[Site "Kouty nad Desnou"]
[Date "2014.03.14"]
[Round "8"]
[White "Kula, Dominik"]
[Black "Reznicek, Dominik"]
[Result "0-1"]
[WhiteElo "1971"]
[BlackElo "1799"]
[PlyCount "122"]
[EventDate "2014.03.08"]
[EventType "swiss"]
[EventRounds "9"]
[EventCountry "CZE"]
[SourceTitle "EXT 2015"]
[Source "ChessBase"]
[SourceDate "2014.11.20"]
[SourceVersion "1"]
[SourceVersionDate "2014.11.20"]
[SourceQuality "1"]

1. e4 c6 2. d4 d5 3. Nd2 dxe4 4. Nxe4 Bf5 5. Ng3 Bg6 6. f4 e6 7. h4 h6 8. h5 Bh7 9. Nf3 Nd7 10. Bd3 Bxd3 11. Qxd3 Bd6 12. Bd2 Ngf6 13. 0-0-0 Qc7 14. Ne5 0-0 15. Ne4 Nxe4 16. Qxe4 Nf6 17. Qd3 c5 18. g4 c4 19. Qf3 b5 20. g5 hxg5 21. Rdg1 b4 22. c3 Nd5 23. h6 g6 24. Rxg5 Bxe5 25. fxe5 bxc3 26. Bxc3 Kh7 27. Rhg1 a5 28. Qe4 Rg8 29. R5g3 a4 30. a3 Rab8 31. Qc2 Rb3 32. Rf1 Qa7 33. Qf2 Rb7 34. Rf3 Rf8 35. Rg1 Rg8 36. Bd2 Rc7 37. Rf1 Rf8 38. Bb4 Nxb4 39. axb4 Rd7 40. Rf4 a3 41. Kb1 Qa4 42. bxa3 Qxa3 43. Qb2 Qd3+ 44. Qc2 Rxd4 45. Qxd3 Rxd3 46. Rxf7+ Rxf7 47. Rxf7+ Kxh6 48. Rf6 Rb3+ 49. Kc2 Rxb4 50. Rxe6 Rb8 51. Rc6 Re8 52. e6 Kg7 53. Kc3 Kf6 54. e7+ Kf7 55. Kxc4 Rxe7 56. Kd3 Kg7 57. Rc2 Re5 58. Re2 Rxe2 59. Kxe2 Kh6 60. Kf3 Kh5 61. Kg3 Kg5 0-1

[Event "CZE-ch U16"]
[Site "Kouty nad Desnou"]
[Date "2014.03.13"]
[Round "7"]
[White "Reznicek, Dominik"]
[Black "Kozusek, Daniel"]
[Result "1/2-1/2"]
[WhiteElo "1799"]
[BlackElo "2133"]
[PlyCount "124"]
[EventDate "2014.03.08"]
[EventType "swiss"]
[EventRounds "9"]
[EventCountry "CZE"]
[SourceTitle "EXT 2015"]
[Source "ChessBase"]
[SourceDate "2014.11.20"]
[SourceVersion "1"]
[SourceVersionDate "2014.11.20"]
[SourceQuality "1"]

1. e4 c5 2. c3 g6 3. Nf3 Bg7 4. d4 cxd4 5. cxd4 d5 6. e5 Nc6 7. Nc3 Nh6 8. Qb3 0-0 9. Bd3 Bg4 10. Be3 Qd7 11. h3 Bxf3 12. gxf3 Rfd8 13. Ne2 Nf5 14. Bb5 Rac8 15. Rc1 a6 16. Bxc6 Rxc6 17. Rxc6 Qxc6 18. Kd2 f6 19. Rc1 Qd7 20. e6 Qxe6 21. Qxb7 Nd6 22. Qb3 Nc4+ 23. Ke1 Qxh3 24. Nf4 Qxf3 25. Nxd5 Qxd5 26. Qxc4 Kf7 27. Qxd5+ Rxd5 28. Rc6 Rd6 29. d5 Rxc6 30. dxc6 Ke8 31. b4 Kd8 32. Bb6+ Kc8 33. a4 f5 34. b5 axb5 35. axb5 Be5 36. Ke2 h5 37. Kf3 g5 38. Kg2 e6 39. Ba5 Bd4 40. f3 g4 41. fxg4 hxg4 42. Bd2 Kc7 43. Bf4+ e5 44. Bg5 f4 45. Bh6 f3+ 46. Kg3 f2 47. Kg2 e4 48. Bf4+ Kb6 49. Kf1 e3 50. Ke2 Bc5 51. Bg3 Ka7 52. Bf4 Bd4 53. Bg3 Bc3 54. Bc7 Bd4 55. Bf4 Kb6 56. Bg3 Bc3 57. Bf4 Bd2 58. Bg3 Be1 59. Bf4 Bd2 60. Bg3 Ka7 61. Bc7 Ba5 62. Bf4 Bb6 1/2-1/2

[Event "CZE-ch U16"]
[Site "Kouty nad Desnou"]
[Date "2014.03.11"]
[Round "4"]
[White "Reznicek, Dominik"]
[Black "Krutsky, Martin"]
[Result "1/2-1/2"]
[WhiteElo "1799"]
[BlackElo "1800"]
[PlyCount "98"]
[EventDate "2014.03.08"]
[EventType "swiss"]
[EventRounds "9"]
[EventCountry "CZE"]
[SourceTitle "EXT 2015"]
[Source "ChessBase"]
[SourceDate "2014.11.20"]
[SourceVersion "1"]
[SourceVersionDate "2014.11.20"]
[SourceQuality "1"]

1. e4 c5 2. c3 d5 3. exd5 Qxd5 4. d4 g6 5. Nf3 Bg7 6. Be3 cxd4 7. Bxd4 Bxd4 8. Qxd4 Qxd4 9. Nxd4 Nf6 10. Nd2 0-0 11. Bd3 Nbd7 12. 0-0 Nc5 13. Bc2 Rd8 14. N2f3 Ne6 15. Rfe1 Nxd4 16. Nxd4 e6 17. Rad1 b6 18. Ba4 Bb7 19. Bc6 Rab8 20. Bxb7 Rxb7 21. Nc6 Rc8 22. Ne5 Kf8 23. Rd2 Ke7 24. Red1 b5 25. Rd8 Rbc7 26. Rxc8 Rxc8 27. Rd4 Nd5 28. Nd3 a6 29. Kf1 f6 30. Nb4 Nxb4 31. Rxb4 Rc5 32. a4 e5 33. axb5 axb5 34. Rb3 Ke6 35. Ra3 Kf5 36. Ke2 e4 37. Ke3 Rd5 38. Ra5 Ke5 39. Ra7 Rd3+ 40. Ke2 h5 41. Re7+ Kf4 42. g3+ Kf5 43. h3 Rd5 44. Re8 Rd3 45. Rc8 Rd5 46. Ra8 Ke5 47. Rg8 Kf5 48. Ke3 Rd3+ 49. Ke2 Rd5 1/2-1/2

[Event "CZE-ch U16"]
[Site "Kouty nad Desnou"]
[Date "2014.03.10"]
[Round "3"]
[White "Reznicek, Dominik"]
[Black "Miculka, David"]
[Result "0-1"]
[WhiteElo "1799"]
[BlackElo "1931"]
[PlyCount "80"]
[EventDate "2014.03.08"]
[EventType "swiss"]
[EventRounds "9"]
[EventCountry "CZE"]
[SourceTitle "EXT 2015"]
[Source "ChessBase"]
[SourceDate "2014.11.20"]
[SourceVersion "1"]
[SourceVersionDate "2014.11.20"]
[SourceQuality "1"]

1. e4 c6 2. d4 d5 3. exd5 cxd5 4. Bd3 Nc6 5. c3 Qc7 6. h3 g6 7. Nf3 Nf6 8. 0-0 Bf5 9. Re1 Bxd3 10. Qxd3 Bg7 11. Nbd2 0-0 12. Ne5 Nxe5 13. dxe5 Nd7 14. e6 fxe6 15. Rxe6 Nc5 16. Qxd5 Nxe6 17. Qxe6+ Kh8 18. Ne4 Qe5 19. Ng5 Qxe6 20. Nxe6 Rf6 21. Nxg7 Kxg7 22. Be3 Kf7 23. Bd4 Re6 24. Kf1 a6 25. Re1 Rd8 26. f4 Rxe1+ 27. Kxe1 Ke6 28. Ke2 Kd5 29. Ke3 b5 30. b3 Rc8 31. g4 a5 32. a3 a4 33. bxa4 bxa4 34. f5 Rb8 35. Kf4 Rb3 36. Kg5 gxf5 37. gxf5 Rxa3 38. h4 Rb3 39. f6 exf6+ 40. Bxf6 Kc4 0-1

[Event "CZE-ch U16"]
[Site "Kouty nad Desnou"]
[Date "2014.03.08"]
[Round "1"]
[White "Reznicek, Dominik"]
[Black "Dvorak, Adam"]
[Result "0-1"]
[WhiteElo "1799"]
[BlackElo "2119"]
[PlyCount "64"]
[EventDate "2014.03.08"]
[EventType "swiss"]
[EventRounds "9"]
[EventCountry "CZE"]
[SourceTitle "EXT 2015"]
[Source "ChessBase"]
[SourceDate "2014.11.20"]
[SourceVersion "1"]
[SourceVersionDate "2014.11.20"]
[SourceQuality "1"]

1. e4 c5 2. c3 d6 3. d4 Nf6 4. dxc5 Nc6 5. cxd6 Nxe4 6. Nf3 Qxd6 7. Qxd6 Nxd6 8. Bf4 Bf5 9. Nbd2 0-0-0 10. 0-0-0 f6 11. Nc4 Ne4 12. Rxd8+ Kxd8 13. Be3 e5 14. Ncd2 Bc5 15. Nxe4 Bxe3+ 16. fxe3 Bxe4 17. Bc4 g5 18. Rd1+ Ke7 19. Bd5 Bxd5 20. Rxd5 Ke6 21. Rd1 h5 22. e4 h4 23. h3 Ne7 24. Ng1 Ng6 25. Ne2 Nf4 26. Nxf4+ gxf4 27. Rf1 f5 28. exf5+ Kxf5 29. a4 e4 30. Rf2 e3 31. Re2 Rd8 32. Kc2 Ke4 0-1

[Event "CZE-chTE U20 1314"]
[Site "Czech Republic"]
[Date "2014.01.25"]
[Round "7.2"]
[White "Zeman, Radek"]
[Black "Reznicek, Dominik"]
[Result "1/2-1/2"]
[WhiteElo "1902"]
[BlackElo "1785"]
[PlyCount "24"]
[EventDate "2013.10.12"]
[EventType "team-tourn"]
[EventRounds "11"]
[EventCountry "CZE"]
[SourceTitle "EXT 2015"]
[Source "ChessBase"]
[SourceDate "2014.11.20"]
[SourceVersion "1"]
[SourceVersionDate "2014.11.20"]
[SourceQuality "1"]
[WhiteTeam "Brno Duras (U20)"]
[BlackTeam "Polabiny (U20) II"]
[WhiteTeamCountry "CZE"]
[BlackTeamCountry "CZE"]

1. e4 c6 2. d3 d5 3. Nd2 e5 4. g3 Be6 5. Ngf3 Nd7 6. Bg2 Bd6 7. 0-0 Ngf6 8. Qe1 0-0 9. Nh4 Qb6 10. Kh1 Rae8 11. Nb3 Qc7 12. Bd2 h6 1/2-1/2